[Event "2nd International Chess Festiv"]
[Site "Paracin"]
[Date "2009.08.21"]
[Round "4.1"]
[White "Ivanov, Jordan"]
[Black "Pancevski, Filip"]
[Result "0-1"]
[WhiteElo "2431"]
[BlackElo "2422"]
[PlyCount "86"]
[EventDate "2009.??.??"]

1. d4 g6 2. e4 Bg7 3. Nf3 d6 4. h3 Nf6 5. Nc3 O-O 6. Be3 c6 7. a4 Qc7 8. a5
Nbd7 9. Qc1 Re8 10. Bc4 Rb8 11. O-O b5 12. axb6 axb6 13. Bh6 e6 14. Bd3 b5 15.
Re1 e5 16. dxe5 dxe5 17. Ne2 c5 18. Ng3 Bh8 19. c4 b4 20. b3 Bb7 21. Re2 Rbd8
22. Qe3 Nb8 23. Rd2 Nfd7 24. h4 Nc6 25. h5 Nd4 26. hxg6 hxg6 27. Be2 Nf6 28.
Nh4 Nh7 29. Bg4 Ra8 30. Rf1 Bf6 31. Nf3 Ra3 32. Nxd4 exd4 33. Qd3 Bg5 34. Bxg5
Nxg5 35. f4 Bxe4 36. Nxe4 Rxe4 37. fxg5 Rxg4 38. Rdf2 Rxg5 39. Qe4 Ra7 40. Rf3
Rh5 41. Rf4 Qe5 42. Qf3 Re7 43. Rxf7 Qh2+ 0-1

[Event "2nd International Chess Festiv"]
[Site "Paracin"]
[Date "2009.08.21"]
[Round "4.2"]
[White "Kasparov, Sergey"]
[Black "Radlovacki, Jovan"]
[Result "1-0"]
[WhiteElo "2487"]
[BlackElo "2380"]
[PlyCount "119"]
[EventDate "2009.??.??"]

1. e4 c6 2. d4 d5 3. Nc3 g6 4. h3 Bg7 5. Nf3 Nh6 6. Bf4 f6 7. exd5 cxd5 8. Nb5
Na6 9. c4 Nf7 10. cxd5 Qxd5 11. Nc3 Qf5 12. Bh2 Nd6 13. Bxd6 exd6 14. Bc4 Nc7
15. Qe2+ Kd8 16. O-O Re8 17. Qd2 d5 18. Bd3 Qd7 19. Rac1 a6 20. Bc2 b5 21. Ne1
Qd6 22. Nd3 Ne6 23. Bb3 Nxd4 24. Bxd5 Ra7 25. Rfd1 f5 26. Nf4 Rc7 27. Kf1 Bd7
28. a3 b4 29. axb4 Qxb4 30. Kg1 Qd6 31. g3 h5 32. Bg2 h4 33. Nfd5 Rxc3 34. Nxc3
hxg3 35. Qg5+ Bf6 36. Qxg3 Qxg3 37. fxg3 Re6 38. Re1 Rd6 39. Rcd1 Bg7 40. Kh2
Be6 41. Ne2 Bb3 42. Nxd4 Bxd4 43. Rb1 g5 44. Rec1 Kd7 45. Rf1 Bc2 46. Rbe1 Bd3
47. Rf3 Bc2 48. Rc1 g4 49. Rf4 Bd3 50. Rd1 Bxb2 51. Bf1 Be4 52. Rxd6+ Kxd6 53.
hxg4 Bc1 54. Rf2 a5 55. gxf5 Ba3 56. g4 Bc5 57. Ra2 Bb4 58. Bb5 Ke5 59. Kh3 Kf6
60. Re2 1-0

[Event "2nd International Chess Festiv"]
[Site "Paracin"]
[Date "2009.08.21"]
[Round "4.3"]
[White "Kojovic, Dragan"]
[Black "Stanojoski, Zvonko"]
[Result "0-1"]
[WhiteElo "2373"]
[BlackElo "2483"]
[PlyCount "60"]
[EventDate "2009.??.??"]

1. e4 c5 2. Nc3 Nc6 3. f4 g6 4. Nf3 Bg7 5. Bb5 Nd4 6. O-O e6 7. e5 f5 8. Nxd4
cxd4 9. Ne2 Qb6 10. Bd3 d6 11. exd6 Bd7 12. a4 Qxd6 13. b3 e5 14. Ba3 Qc7 15.
fxe5 Bxe5 16. h3 O-O-O 17. Qe1 Bc6 18. Qf2 Nf6 19. Bb2 Qd6 20. Ba3 Qd7 21. a5
Kb8 22. Rae1 Nh5 23. Bc4 Qc7 24. d3 Bh2+ 25. Kh1 Rhe8 26. Bc1 Rxe2 27. Rxe2 Bg3
28. Qg1 Bh4 29. Qh2 Ng3+ 30. Qxg3 Bxg3 0-1

[Event "2nd International Chess Festiv"]
[Site "Paracin"]
[Date "2009.08.21"]
[Round "4.4"]
[White "Abramovic, Bosko"]
[Black "Mrkonjic, Nenad"]
[Result "1/2-1/2"]
[WhiteElo "2465"]
[BlackElo "2370"]
[PlyCount "92"]
[EventDate "2009.??.??"]

1. d4 Nf6 2. c4 e6 3. Nf3 b6 4. g3 Bb7 5. Bg2 Bb4+ 6. Bd2 Be7 7. O-O O-O 8. Nc3
c5 9. d5 exd5 10. Nh4 Re8 11. Nf5 Bf8 12. Ne3 Na6 13. Nexd5 Nxd5 14. Nxd5 Bc6
15. Bc3 Nc7 16. e3 Nxd5 17. Bxd5 Bxd5 18. Qxd5 Qe7 19. Rad1 d6 20. Rd3 Qe6 21.
Rfd1 f5 22. h3 h5 23. Kg2 Qxd5+ 24. Rxd5 g6 25. g4 hxg4 26. hxg4 fxg4 27. Rg5
Re6 28. Rxg4 Bg7 29. Bxg7 Kxg7 30. Rg5 Kf6 31. Rgd5 Ke7 32. Rh1 Rf8 33. Rh3 Rf7
34. f4 Kd7 35. b3 Kc6 36. a4 a6 37. Rg5 b5 38. axb5+ axb5 39. Rhg3 bxc4 40.
bxc4 Re4 41. Rxg6 Rxc4 42. Re6 Rc2+ 43. Kf3 c4 44. Ke4 Rd2 45. Rg1 Kd7 46. f5
Kc6 1/2-1/2

[Event "2nd International Chess Festiv"]
[Site "Paracin"]
[Date "2009.08.21"]
[Round "4.5"]
[White "Martinovic, Slobodan"]
[Black "Milenkovic, Mladen"]
[Result "1-0"]
[WhiteElo "2452"]
[BlackElo "2336"]
[PlyCount "84"]
[EventDate "2009.??.??"]

1. Nf3 c5 2. e4 d6 3. Bc4 Nf6 4. d3 Nc6 5. h3 g6 6. O-O Bg7 7. c3 O-O 8. Bb3 b6
9. Re1 Ba6 10. Bc2 e5 11. Bg5 d5 12. Ba4 dxe4 13. Bxc6 exf3 14. Bxa8 Qxa8 15.
Rxe5 fxg2 16. Nd2 Bb7 17. Bxf6 Bxf6 18. Re1 Qd8 19. Ne4 Bg7 20. f4 h6 21. Qe2
f5 22. Nf2 Ba8 23. Qe3 Qh4 24. Kh2 g5 25. Qg3 Qxf4 26. Qxf4 gxf4 27. Re6 Bf6
28. Rae1 Bh4 29. Kg1 Kg7 30. Re8 Bc6 31. Rxf8 Kxf8 32. Re6 Bf3 33. Rxh6 Bg5 34.
Rh7 Be7 35. Rh8+ Kf7 36. Rc8 Bd6 37. Rd8 Be7 38. Rd7 a5 39. Rc7 Ke6 40. Rc8 b5
41. h4 Kd7 42. Rh8 Ke6 1-0

[Event "2nd International Chess Festiv"]
[Site "Paracin"]
[Date "2009.08.21"]
[Round "4.6"]
[White "Zlatanovic, Boroljub"]
[Black "Radosavljevic, Slobodan D"]
[Result "1-0"]
[WhiteElo "2413"]
[BlackElo "2248"]
[PlyCount "87"]
[EventDate "2009.??.??"]

1. c4 Nf6 2. Nc3 g6 3. g3 Bg7 4. Bg2 O-O 5. e4 d6 6. Nge2 c5 7. O-O Nc6 8. f4
Rb8 9. d3 a6 10. a4 Bd7 11. h3 Ne8 12. Be3 Nc7 13. d4 cxd4 14. Nxd4 Nxd4 15.
Bxd4 Bxd4+ 16. Qxd4 Ne6 17. Qe3 Ng7 18. g4 Rc8 19. b3 Rc5 20. e5 Bc6 21. Rad1
Bxg2 22. Kxg2 Re8 23. Ne4 Rc7 24. exd6 exd6 25. Qd4 Re6 26. f5 gxf5 27. gxf5
Rh6 28. f6 Ne6 29. Qxd6 Qc8 30. Rf3 Rg6+ 31. Rg3 b5 32. axb5 axb5 33. c5 Qa8
34. Kf3 Rxc5 35. Ke3 Rc8 36. Rxg6+ hxg6 37. Qd5 Qa7+ 38. Kf3 Rd8 39. Qxd8+ Nxd8
40. Rxd8+ Kh7 41. Ng5+ Kh6 42. h4 Qb7+ 43. Kg3 Qa7 44. Ne4 1-0

[Event "2nd International Chess Festiv"]
[Site "Paracin"]
[Date "2009.08.21"]
[Round "4.7"]
[White "Lazic, Dragoljub"]
[Black "Nestorovic, Dejan"]
[Result "1-0"]
[WhiteElo "2317"]
[BlackElo "2405"]
[PlyCount "127"]
[EventDate "2009.08.19"]

1. e4 c5 2. Nf3 e6 3. d4 cxd4 4. Nxd4 a6 5. Bd3 Nf6 6. O-O d6 7. c4 Be7 8. Nc3
Bd7 9. Qe2 Nc6 10. Nxc6 Bxc6 11. f4 O-O 12. Kh1 Nd7 13. Be3 Bf6 14. Rac1 e5 15.
f5 Bg5 16. Rcd1 Bxe3 17. Qxe3 Nf6 18. Be2 Qe7 19. g4 h6 20. Bf3 Nh7 21. Qf2 g5
22. Kg2 b5 23. cxb5 axb5 24. a3 Rfd8 25. Rh1 Kg7 26. h4 Rh8 27. hxg5 hxg5 28.
Qd2 Rad8 29. Rh5 f6 30. Rdh1 Qb7 31. Kg3 Rd7 32. Qh2 Kf8 33. Rh6 Rf7 34. Qd2
Ke7 35. Qe3 Kf8 36. Na2 Rg8 37. Nb4 Rgg7 38. Rc1 Rc7 39. Qd3 Rge7 40. Rxh7 Rxh7
41. Qxd6+ Kg7 42. Nxc6 Qb6 43. Rc5 Rh8 44. Be2 b4 45. axb4 Rhc8 46. b5 Rf7 47.
Bc4 Rfc7 48. Qd5 Qb7 49. Qd2 Qb6 50. Qf2 Rh8 51. b4 Rd7 52. Bd5 Rh4 53. Qe3 Kh8
54. Nxe5 Qd6 55. Qc3 fxe5 56. Rc6 Qe7 57. Re6 Qg7 58. Qxe5 Qxe5+ 59. Rxe5 Rh1
60. b6 Rb1 61. b7 Rd8 62. f6 Rxb4 63. Rxg5 Kh7 64. f7 1-0

[Event "2nd International Chess Festiv"]
[Site "Paracin"]
[Date "2009.08.21"]
[Round "4.8"]
[White "Popovic, Aleksandar M"]
[Black "Simantsev, Mikhail"]
[Result "0-1"]
[WhiteElo "2300"]
[BlackElo "2527"]
[PlyCount "94"]
[EventDate "2009.08.19"]

1. e4 c5 2. Nf3 e6 3. d4 cxd4 4. Nxd4 a6 5. Nc3 b5 6. Bd3 Qb6 7. Nb3 Qc7 8. Qf3
Nc6 9. Bf4 d6 10. O-O-O Ne5 11. Qe2 Nf6 12. Bg3 Be7 13. f4 Nxd3+ 14. Rxd3 b4
15. Nd1 Bb7 16. Nf2 Rc8 17. Kb1 O-O 18. Rc1 Qb6 19. e5 dxe5 20. fxe5 Nd5 21.
Ne4 a5 22. Bf2 Qb5 23. Qg4 f5 24. exf6 Nxf6 25. Qxe6+ Kh8 26. Ng5 Qxg5 27. Qxe7
Ne4 28. Qxb7 Nxf2 29. Rg3 Qe5 30. Nxa5 Ne4 31. Rd3 Nc5 32. Rd5 Qe6 33. Rxc5
Rxc5 34. Qxb4 Rfc8 35. Nb3 Rc4 36. Qd2 Re4 37. Rd1 h6 38. Nc1 Qe5 39. g3 Rb8
40. b3 Rc8 41. Nd3 Qf6 42. Nf4 Rce8 43. a4 Rxa4 44. c3 Ra3 45. Qb2 Rea8 46. Nd3
Qf3 47. Rd2 Qf1+ 0-1

[Event "2nd International Chess Festiv"]
[Site "Paracin"]
[Date "2009.08.21"]
[Round "4.9"]
[White "Milosevic, Aleksandar"]
[Black "Janev, Evgeni"]
[Result "0-1"]
[WhiteElo "2280"]
[BlackElo "2461"]
[PlyCount "120"]
[EventDate "2009.08.19"]

1. Nf3 d6 2. d4 Nf6 3. c4 c6 4. Nc3 Bg4 5. e4 Nbd7 6. Be3 e5 7. Be2 Be7 8. d5
cxd5 9. cxd5 O-O 10. Nd2 Bxe2 11. Qxe2 a6 12. O-O Qb8 13. a3 Rc8 14. Rfc1 Bd8
15. Na2 Bb6 16. Rxc8+ Qxc8 17. Rc1 Qd8 18. Nc4 Bxe3 19. Qxe3 Ne8 20. b4 b6 21.
g3 Rc8 22. a4 h6 23. h4 Kf8 24. Kg2 Rc7 25. a5 b5 26. Na3 Qc8 27. Rc3 Ke7 28.
Nc2 Nef6 29. f3 Ne8 30. Rxc7 Qxc7 31. Qc3 Qa7 32. Qe3 Qc7 33. Qc3 Qa7 34. Qe3
Qb7 35. Qc3 g6 36. Nc1 f5 37. exf5 gxf5 38. Qd3 Ng7 39. Ne2 Nf6 40. Ne3 Qc8 41.
f4 Kf7 42. Qb3 Kg6 43. Qd3 Kf7 44. Qb3 Qe8 45. Qc3 Qe7 46. Kf1 Ne4 47. Qc8 Qa7
48. Nd1 exf4 49. gxf4 Kg6 50. Qd8 Kh5 51. Kg2 Kg4 52. Qb6 Qf7 53. Qe3 Kh5 54.
Ng3+ Nxg3 55. Qf3+ Kg6 56. Qxg3+ Kh7 57. Qd3 Nh5 58. Kf3 Qg6 59. Qc3 Qg3+ 60.
Ke2 Nxf4+ 0-1

[Event "2nd International Chess Festiv"]
[Site "Paracin"]
[Date "2009.08.21"]
[Round "4.10"]
[White "Djosic, Slavoljub"]
[Black "Tosic, Miroslav"]
[Result "0-1"]
[WhiteElo "2258"]
[BlackElo "2438"]
[Annotator ",compaq"]
[PlyCount "37"]
[EventDate "2009.08.19"]

1. b3 c5 2. Bb2 Nc6 3. c4 d6 4. g3 e5 5. Bg2 Nge7 6. Nc3 g6 7. Nf3 Bg7 8. O-O
O-O 9. d3 a6 10. e3 Re8 11. Qd2 f5 12. Ne2 h6 13. d4 cxd4 14. exd4 e4 15. Ne1
d5 16. f3 Rb8 17. Nc2 exf3 18. Bxf3 dxc4 19. bxc4 {... necitko} 0-1

[Event "2nd International Chess Festiv"]
[Site "Paracin"]
[Date "2009.08.21"]
[Round "4.11"]
[White "Nestorovic, Lazar"]
[Black "Solomunovic, Igor"]
[Result "1/2-1/2"]
[WhiteElo "2240"]
[BlackElo "2421"]
[PlyCount "87"]
[EventDate "2009.08.19"]

1. e4 g6 2. d4 d6 3. Nc3 Bg7 4. Bg5 c5 5. dxc5 Qa5 6. Qd2 Qxc5 7. Be3 Qa5 8.
Bd4 Nf6 9. Bxf6 Bxf6 10. Nd5 Qxd2+ 11. Kxd2 Bxb2 12. Rb1 Bd4 13. Nc7+ Kd8 14.
Nxa8 Nd7 15. Nf3 Bf6 16. Bc4 e6 17. Rb3 Nc5 18. Ra3 Nxe4+ 19. Ke3 d5 20. Rxa7
Be7 21. Ra5 b5 22. Bd3 Bc5+ 23. Ke2 Nc3+ 24. Kd2 Ne4+ 25. Kc1 Nxf2 26. Rf1 Ke7
27. Nc7 Nxd3+ 28. cxd3 Bb6 29. Nxd5+ exd5 30. Rxb5 Be3+ 31. Kb2 Be6 32. Re1 d4
33. a4 Ra8 34. a5 Kd6 35. Ra1 Kc6 36. Rb6+ Kc5 37. Kc2 Rxa5 38. Rxa5+ Kxb6 39.
Ra4 Kc5 40. Nd2 Bd5 41. Ra5+ Kc6 42. Ne4 Be6 43. Ra6+ Kb5 44. Rd6 1/2-1/2

[Event "2nd International Chess Festiv"]
[Site "Paracin"]
[Date "2009.08.21"]
[Round "4.12"]
[White "Lapcevic, Milos"]
[Black "Dudukovic, Nikola"]
[Result "1/2-1/2"]
[WhiteElo "2390"]
[BlackElo "2260"]
[PlyCount "109"]
[EventDate "2009.08.19"]

1. d4 Nf6 2. c4 e6 3. Nc3 c5 4. d5 exd5 5. cxd5 d6 6. e4 g6 7. f3 Bg7 8. Bg5
O-O 9. Qd2 Re8 10. Nge2 Nbd7 11. Nc1 a6 12. a4 Qa5 13. Ra3 h5 14. Be2 Ne5 15.
O-O Nh7 16. Be3 f5 17. Kh1 Nf6 18. exf5 gxf5 19. Bh6 Bh8 20. Nd3 Nf7 21. Be3
Nxd5 22. Nxd5 Qxd2 23. Bxd2 Rxe2 24. Bc3 c4 25. N3f4 Rxb2 26. Bxb2 Bxb2 27. Re3
Bd7 28. Re7 Bxa4 29. Rxb7 Be5 30. Ne7+ Kh7 31. Nfd5 Nd8 32. Rbb1 Ra7 33. f4 Bh8
34. Rbc1 c3 35. Nc8 Rb7 36. Nxc3 Bc6 37. Ne2 Rb2 38. Rxc6 Nxc6 39. Ng3 a5 40.
Nxd6 a4 41. Ngxf5 a3 42. Nc4 a2 43. Nxb2 Bxb2 44. Ne3 a1=Q 45. Rxa1 Bxa1 46. g3
Kg6 47. Kg2 Bd4 48. Kf3 Bxe3 49. Kxe3 Ne7 50. h3 Nf5+ 51. Kf3 Nd4+ 52. Ke3 Nf5+
53. Kf3 Nd6 54. Ke3 Kf6 55. Kf3 1/2-1/2

[Event "2nd International Chess Festiv"]
[Site "Paracin"]
[Date "2009.08.21"]
[Round "4.13"]
[White "Ristic, Nebojsa B"]
[Black "Stojkovic, Miroljub"]
[Result "1-0"]
[WhiteElo "2364"]
[BlackElo "2226"]
[PlyCount "51"]
[EventDate "2009.08.19"]

1. d4 d5 2. c4 c6 3. Nf3 Nf6 4. Nc3 e6 5. Bg5 dxc4 6. e4 b5 7. e5 h6 8. Bh4 g5
9. exf6 gxh4 10. Ne5 Qxf6 11. Be2 Nd7 12. O-O Nxe5 13. dxe5 Qxe5 14. Bf3 Bd7
15. Re1 Qd6 16. Qe2 a6 17. a4 Rd8 18. axb5 cxb5 19. Red1 Qb8 20. Rxa6 Be7 21.
Rxd7 Kxd7 22. Bc6+ Kc8 23. Nxb5 Bf6 24. Ra8 Bxb2 25. Rxb8+ Kxb8 26. Bf3 1-0

[Event "2nd International Chess Festiv"]
[Site "Paracin"]
[Date "2009.08.21"]
[Round "4.14"]
[White "Sarenac, David"]
[Black "Brankovic, Dejan"]
[Result "1/2-1/2"]
[WhiteElo "2227"]
[BlackElo "2358"]
[PlyCount "113"]
[EventDate "2009.08.19"]

1. e4 c5 2. Nf3 Nc6 3. d4 cxd4 4. Nxd4 Nf6 5. Nc3 e6 6. Ndb5 Bb4 7. a3 Bxc3+ 8.
Nxc3 d5 9. exd5 exd5 10. Bd3 d4 11. Ne4 Qa5+ 12. Bd2 Qe5 13. O-O O-O 14. Re1
Ng4 15. f4 Qd5 16. Qf3 Qd8 17. Rad1 Bf5 18. Nc5 Bxd3 19. cxd3 Qc8 20. Rc1 Nf6
21. b4 Re8 22. Rxe8+ Qxe8 23. Nxb7 Ne7 24. Nd6 Qd8 25. Rc4 Ned5 26. Nb5 Qb6 27.
Nxd4 Re8 28. h3 Qa6 29. Nc2 Qa4 30. Kh2 Qb3 31. Rc5 h6 32. Be1 a5 33. bxa5 Qa4
34. Rc4 Qb5 35. Bb4 Qb8 36. Bd2 Qb2 37. Rc5 Re6 38. Bb4 Kh7 39. Qf2 Qa2 40. Be1
Qb1 41. Bc3 Nxc3 42. Rxc3 Nd5 43. Rc4 Qd1 44. Qd4 Nf6 45. Ne3 Qe1 46. Nc2 Qxa5
47. Qc3 Qh5 48. Nd4 Ng4+ 49. Kh1 Re3 50. Qd2 Qh4 51. Nf3 Rxf3 52. gxf3 Qxh3+
53. Kg1 Qg3+ 54. Qg2 Qe1+ 55. Qf1 Qg3+ 56. Qg2 Qe1+ 57. Qf1 1/2-1/2

[Event "2nd International Chess Festiv"]
[Site "Paracin"]
[Date "2009.08.21"]
[Round "4.15"]
[White "Stefanovic, Vladimir"]
[Black "Markovic, Marko"]
[Result "1/2-1/2"]
[WhiteElo "2177"]
[BlackElo "2312"]
[PlyCount "49"]
[EventDate "2009.??.??"]

1. Nf3 c5 2. g3 Nc6 3. Bg2 g6 4. O-O Bg7 5. c4 e5 6. Nc3 Nge7 7. d3 d6 8. Rb1
O-O 9. a3 a5 10. Ne1 Be6 11. Nc2 Nf5 12. b4 axb4 13. axb4 cxb4 14. Nxb4 Qd7 15.
Nbd5 Rab8 16. Bd2 Nfe7 17. Nb6 Qd8 18. Qa4 Nc8 19. Nbd5 Qd7 20. Ne4 Kh8 21.
Ndf6 Qd8 22. Nxh7 Kxh7 23. Ng5+ Kg8 24. Bxc6 Nb6 25. Nh7 1/2-1/2

[Event "2nd International Chess Festiv"]
[Site "Paracin"]
[Date "2009.08.21"]
[Round "4.16"]
[White "Rossi, Aldo A"]
[Black "Grujic, Nebojsa"]
[Result "1-0"]
[WhiteElo "2311"]
[BlackElo "2214"]
[PlyCount "51"]
[EventDate "2009.08.19"]

1. c4 f5 2. Nc3 Nf6 3. d4 g6 4. h4 Bg7 5. h5 Nxh5 6. e4 Nf6 7. exf5 gxf5 8. Bd3
e6 9. Qe2 O-O 10. Bg5 Nc6 11. Nf3 Nb4 12. Bb1 d6 13. a3 Na6 14. Bc2 c6 15.
O-O-O Bd7 16. g4 Qe8 17. Rdg1 b5 18. cxb5 cxb5 19. gxf5 exf5 20. Bh6 Ng4 21.
Qd2 Rf7 22. Ng5 Bxh6 23. Rxh6 Rg7 24. Nxh7 Rxh7 25. Rxg4+ Kh8 26. Rgh4 1-0

[Event "2nd International Chess Festiv"]
[Site "Paracin"]
[Date "2009.08.21"]
[Round "4.17"]
[White "Popovic, Djordje D"]
[Black "Kasparova, Tatiana"]
[Result "1-0"]
[WhiteElo "2308"]
[BlackElo "2169"]
[PlyCount "59"]
[EventDate "2009.08.19"]

1. d4 Nf6 2. c4 c5 3. d5 b5 4. cxb5 a6 5. bxa6 g6 6. Nc3 Bxa6 7. e4 Bxf1 8.
Kxf1 d6 9. Nf3 Bg7 10. g3 O-O 11. Kg2 Nbd7 12. h3 Qa5 13. Re1 Rfb8 14. e5 Ne8
15. e6 fxe6 16. Rxe6 Qd8 17. Qe2 Ne5 18. Nxe5 Bxe5 19. Bg5 Ra7 20. f4 Bf6 21.
Bxf6 Nxf6 22. Rd1 Qd7 23. Rd2 Rb4 24. Qe3 Rab7 25. b3 Ra7 26. f5 Kg7 27. fxg6
hxg6 28. Re2 Rbb7 29. Qg5 Qe8 30. Qxf6+ 1-0

[Event "2nd International Chess Festiv"]
[Site "Paracin"]
[Date "2009.08.21"]
[Round "4.18"]
[White "Maksimovic, Branimir"]
[Black "Rajcevic, Stevan"]
[Result "1-0"]
[WhiteElo "2421"]
[BlackElo "2146"]
[PlyCount "89"]
[EventDate "2009.08.19"]

1. d4 d5 2. c4 c6 3. Nc3 Nf6 4. e3 e6 5. Nf3 Nbd7 6. Bd3 dxc4 7. Bxc4 b5 8. Bd3
Bb7 9. O-O b4 10. Ne2 Be7 11. Ng3 c5 12. Qe2 Bxf3 13. Qxf3 cxd4 14. exd4 O-O
15. Bf4 Nb6 16. Be5 Nbd5 17. Rad1 a5 18. Rfe1 Rc8 19. Nf1 a4 20. Qh3 a3 21.
bxa3 bxa3 22. Ne3 g6 23. Qh6 Re8 24. Bb5 Bf8 25. Qh3 Re7 26. Bc4 Bg7 27. Rc1
Re8 28. Qf3 Qa5 29. h3 Red8 30. Bb3 Nxe3 31. fxe3 Nd5 32. Rf1 Qa7 33. Rxc8 Rxc8
34. Bxg7 Kxg7 35. Bxd5 exd5 36. Qxd5 Re8 37. e4 Re7 38. Rf3 Qc7 39. Qc5 Qb7 40.
e5 Rc7 41. Qxa3 Qe4 42. Qd6 Rc1+ 43. Kh2 Qe1 44. Qf6+ Kh6 45. Qf4+ 1-0

[Event "2nd International Chess Festiv"]
[Site "Paracin"]
[Date "2009.08.21"]
[Round "4.19"]
[White "Zivkovic, Ivan B"]
[Black "Milenkovic, Blagoje"]
[Result "1-0"]
[WhiteElo "2341"]
[BlackElo "2155"]
[PlyCount "59"]
[EventDate "2009.08.19"]

1. e4 c6 2. d4 d5 3. Nc3 dxe4 4. Nxe4 Nf6 5. Nxf6+ exf6 6. c3 Bd6 7. Bd3 Qc7 8.
Ne2 O-O 9. Qc2 g6 10. h4 Bg4 11. f3 Be6 12. h5 f5 13. Bh6 Re8 14. O-O-O c5 15.
dxc5 Bxc5 16. g4 Qe5 17. gxf5 Bxa2 18. hxg6 Be3+ 19. Bxe3 Qxe3+ 20. Qd2 hxg6
21. Qxe3 Rxe3 22. Be4 Rxe2 23. Bxb7 Na6 24. Bxa8 Nc5 25. Bd5 Bb3 26. fxg6 Bxd5
27. Rxd5 Ne6 28. gxf7+ Kxf7 29. Rd7+ Kf6 30. Rxa7 1-0

[Event "2nd International Chess Festiv"]
[Site "Paracin"]
[Date "2009.08.21"]
[Round "4.20"]
[White "Cvetanovic, Uros"]
[Black "Dinic, Dragan"]
[Result "1/2-1/2"]
[WhiteElo "2164"]
[BlackElo "2310"]
[PlyCount "72"]
[EventDate "2009.08.19"]

1. Nc3 e5 2. Nf3 Nc6 3. d4 exd4 4. Nxd4 Nf6 5. Bg5 Be7 6. Nf5 Bf8 7. Nd5 d6 8.
Bxf6 gxf6 9. e4 Bxf5 10. exf5 Bg7 11. Qe2+ Kf8 12. O-O-O Ne7 13. Nxe7 Qxe7 14.
Qh5 c6 15. Bd3 Re8 16. Kb1 Qc7 17. Rhe1 Re7 18. c4 h6 19. Bc2 Kg8 20. Qg4 Rxe1
21. Rxe1 Kh7 22. Qf4 Qd7 23. Rd1 Rd8 24. g4 Qe7 25. Qg3 Kg8 26. h4 Kh8 27. f4
Re8 28. g5 Bf8 29. g6 fxg6 30. fxg6 Kg7 31. Qb3 Qc7 32. a3 a6 33. Qc3 Qe7 34.
Ka2 Qe3 35. Qxe3 Rxe3 36. f5 Be7 1/2-1/2

[Event "2nd International Chess Festiv"]
[Site "Paracin"]
[Date "2009.08.21"]
[Round "4.21"]
[White "Bojovic, Dusan"]
[Black "Nesic, Nebojsa"]
[Result "1-0"]
[WhiteElo "2286"]
[BlackElo "2127"]
[PlyCount "33"]
[EventDate "2009.08.19"]

1. e4 e6 2. d4 d5 3. Nc3 Nf6 4. Bg5 dxe4 5. Nxe4 Be7 6. Bxf6 gxf6 7. Nf3 a6 8.
Bd3 b5 9. c3 Bb7 10. a4 Qd5 11. axb5 axb5 12. Rxa8 Bxa8 13. Qa1 Nd7 14. Qa5 Kd8
15. Ned2 Bc6 16. Qa6 Nc5 17. dxc5 1-0

[Event "2nd International Chess Festiv"]
[Site "Paracin"]
[Date "2009.08.21"]
[Round "4.22"]
[White "Vebel, Goran"]
[Black "Ravic, Nenad"]
[Result "0-1"]
[WhiteElo "2081"]
[BlackElo "2283"]
[PlyCount "62"]
[EventDate "2009.08.19"]

1. d4 Nf6 2. c4 c5 3. d5 b5 4. a4 bxc4 5. Nc3 d6 6. e4 Ba6 7. f4 Nbd7 8. Nf3 g6
9. Nd2 Bg7 10. Bxc4 Bxc4 11. Nxc4 O-O 12. a5 Ne8 13. O-O Nc7 14. g4 Rb8 15. Qe2
a6 16. e5 dxe5 17. fxe5 Nb5 18. Bf4 Nd4 19. Qd3 Rb4 20. Rfe1 Rxc4 21. Qxc4 Nf3+
22. Kf2 Ndxe5 23. Bxe5 Nxe5 24. Qxa6 Nxg4+ 25. Kg3 h5 26. Qe2 Qd6+ 27. Kh3 Bd4
28. Rf1 Ne3 29. Rf3 Qd7+ 30. Kg3 Qg4+ 31. Kf2 Nc2+ 0-1

[Event "2nd International Chess Festiv"]
[Site "Paracin"]
[Date "2009.08.21"]
[Round "4.23"]
[White "Blazeka, Matej"]
[Black "Dimitrijevic, Radmilo"]
[Result "1/2-1/2"]
[WhiteElo "2072"]
[BlackElo "2228"]
[PlyCount "54"]
[EventDate "2009.08.19"]

1. e4 c5 2. Nf3 Nf6 3. e5 Nd5 4. Nc3 e6 5. Nxd5 exd5 6. d4 Nc6 7. dxc5 Bxc5 8.
Qxd5 Qb6 9. Bc4 Bxf2+ 10. Ke2 O-O 11. Rf1 Bc5 12. Ng5 Nd4+ 13. Kd1 Ne6 14. Ne4
d6 15. Bd3 Rd8 16. exd6 Bxd6 17. Nxd6 Rxd6 18. Qf5 Rxd3+ 19. cxd3 Nd8 20. Qe5
Bg4+ 21. Ke1 Nc6 22. Qe3 Nd4 23. Kf2 Qf6+ 24. Qf4 Qh4+ 25. Qg3 Qf6+ 26. Qf4
Qh4+ 27. Qg3 Qf6+ 1/2-1/2

[Event "2nd International Chess Festiv"]
[Site "Paracin"]
[Date "2009.08.21"]
[Round "4.24"]
[White "Ilic, Slobodan S"]
[Black "Nestorovic, Irena"]
[Result "0-1"]
[WhiteElo "2215"]
[BlackElo "2038"]
[PlyCount "106"]
[EventDate "2009.08.19"]

1. e4 e5 2. Nf3 Nc6 3. Bb5 a6 4. Ba4 Nf6 5. O-O Be7 6. Re1 b5 7. Bb3 O-O 8. h3
d6 9. a4 Na5 10. Ba2 c5 11. d3 Bd7 12. Nc3 b4 13. Nd5 b3 14. cxb3 Nxd5 15. exd5
Rb8 16. Bd2 f5 17. Rc1 Kh8 18. Bc3 Be8 19. Nd2 Bg5 20. Bxa5 Qxa5 21. Nc4 Qd8
22. Rc2 Bf7 23. Qf3 Bg6 24. Qe2 Qf6 25. a5 Rb4 26. Rc3 Bf7 27. Nb6 Qd8 28. Rc4
Be8 29. Rxb4 cxb4 30. Bb1 Bb5 31. Rd1 Qc7 32. Nc4 Bxc4 33. dxc4 Qxa5 34. Qh5
Qd8 35. h4 Bxh4 36. Bxf5 Bxf2+ 37. Kh2 Qh4+ 38. Qxh4 Bxh4 39. Be6 Bf2 40. Ra1
Ra8 41. Bd7 g6 42. Bc6 Ra7 43. Rf1 Rf7 44. Ra1 Ra7 45. Rf1 Bc5 46. Rf8+ Kg7 47.
Re8 Kf6 48. Kg3 Kg5 49. Rg8 Re7 50. Kf3 e4+ 51. Ke2 Rf7 52. Re8 Rf2+ 53. Ke1 e3
0-1

[Event "2nd International Chess Festiv"]
[Site "Paracin"]
[Date "2009.08.21"]
[Round "4.25"]
[White "Pantic, Ivica"]
[Black "Mladenovic, Stefan"]
[Result "1/2-1/2"]
[WhiteElo "2197"]
[BlackElo "1978"]
[PlyCount "113"]
[EventDate "2009.08.19"]

1. d4 Nf6 2. c4 e6 3. Nf3 b6 4. g3 Ba6 5. Nbd2 Bb4 6. Qc2 Bb7 7. Bg2 Be4 8. Qd1
O-O 9. O-O Bxd2 10. Qxd2 d5 11. b3 Nbd7 12. Ba3 Re8 13. Qe3 Rc8 14. Ne5 Nxe5
15. dxe5 Bxg2 16. Kxg2 Nd7 17. Rfd1 dxc4 18. Qd4 Nb8 19. Qf4 Nd7 20. Qxc4 c5
21. Qa4 Rc7 22. Bb2 Qa8+ 23. f3 Nf8 24. Rd6 Rd8 25. Rad1 Rcc8 26. Qg4 Ng6 27.
Qe4 Rxd6 28. Qxa8 Rxa8 29. Rxd6 Kf8 30. f4 Ke7 31. Kf3 Rd8 32. Bc3 Ke8 33. e4
Ne7 34. b4 Rc8 35. Rd2 Nc6 36. bxc5 bxc5 37. Ke3 Rd8 38. Rd6 Rc8 39. Rd2 Rd8
40. Rc2 Nb4 41. Bxb4 cxb4 42. Rc4 Rd7 43. Rc8+ Ke7 44. Rb8 a5 45. Ra8 Rb7 46.
Rxa5 b3 47. axb3 Rxb3+ 48. Kd4 g6 49. Ra2 Rb4+ 50. Kd3 Rb3+ 51. Kc4 Rf3 52. Kd4
h5 53. Rc2 h4 54. Rc3 Rf2 55. gxh4 Rxh2 56. Rg3 Rxh4 57. Ke3 1/2-1/2

[Event "2nd International Chess Festiv"]
[Site "Paracin"]
[Date "2009.08.21"]
[Round "4.26"]
[White "Zajic, Milan"]
[Black "Radusinovic, Lazar"]
[Result "1/2-1/2"]
[WhiteElo "1933"]
[BlackElo "2185"]
[PlyCount "42"]
[EventDate "2009.08.19"]

1. e4 c5 2. Nf3 Nc6 3. c4 d6 4. d4 cxd4 5. Nxd4 e5 6. Nc2 Be7 7. Nc3 f5 8. exf5
Bxf5 9. Bd3 Bxd3 10. Qxd3 Nf6 11. O-O O-O 12. Bg5 Ne8 13. Bxe7 Qxe7 14. Nd5 Qh4
15. b4 Kh8 16. b5 Nd8 17. Rae1 Ne6 18. f4 Nxf4 19. Nxf4 exf4 20. Qe4 Nf6 21.
Qxf4 Qxf4 1/2-1/2